| 000 | 00765nam a2200241Ia 4500 | ||
|---|---|---|---|
| 003 | OSt | ||
| 005 | 20260121102052.0 | ||
| 008 | 210716s1992 xx 000 0 und d | ||
| 020 | _a876927614 | ||
| 040 | _cAIMIT LIBRARY | ||
| 041 | _aeng | ||
| 082 |
_a006.62 _22 _bJOUR |
||
| 100 |
_aJourdain, Robert. _9252027 |
||
| 245 |
_aHard disk companion / _cBy Robert Jourdain and Peter Norton. |
||
| 250 | _a2nd ed. | ||
| 260 |
_aNew Delhi : _bPrentice Hall of India PVt Ltd , _c1992. |
||
| 300 |
_axv,448p. ; _bPB _c23.8 cm |
||
| 650 |
_aNavigating around directory trees _9252028 |
||
| 650 |
_aOptimizing speed and productivity _9252029 |
||
| 650 |
_aSurviving hard disk Disasters _9252030 |
||
| 700 |
_aPeter Norton. _9252031 |
||
| 942 |
_2ddc _cBK _e2st _k006.62 JOUR |
||
| 999 |
_c182436 _d182436 |
||